00246pam a2200109 a 4500020000500000041000500005082001700010100001800027245005500045260002800100300000800128 c h a005.133bKNI aJANE, KNIGHT. aPERSONAL COMPUTING FOR BUSINESShTextual Documents bPITMAN PUBLISHINGc1995 a307